00653nam a2200205Ia 450000500170000000800410001702000310005804000190008904100120010808200170012010000180013724500510015525000120020626000640021830000150028250400500029765000670034765100230041485000100043720230517154259.0131103s9999 xx 000 0 und d a0521296099 (pbk)c3.95 pds aLoreto College aEnglish a330.942bDEA aDeane,Phyllis 4aThe first industrial revolutioncPhyllis Deane a2nd ed. aCambridgebCambridge University Pressc1979 (1990 printing) aix,318 p.  aIncludes bibliographical references and index aEconomics - Great Britain - Economical Conditions, 1960 - 1860 aEconomic Geography aLCLIB